000 00645nam a2200241 a 4500
001 0001-0951
003 ELIB.Books
008 140909 2010 eng
020 _aKBTS
035 _a(ELIB.Books)0001-1105
092 _a259.1
_bHul
100 _aHulme, William E.
245 _aThe Pastoral Care of Families:
_bIts Theology and Practice
260 _aNew York
_bAbingdon Press
_c1962
300 _a208
_c20.5 Cm
500 _aDr. Yahalaylayla
650 _aPastoral Care of Families
856 _nKBTS; Library
_uKBTS; Elib.
942 _2ddc
_cBK
990 _a1
998 _cbat
_e2014-09-09
999 _c10951
_d10951